Computer aided circuit design

Guardado en:
Detalles Bibliográficos
Autores principales: Fidler, J.K (Autor), Nightingale, C. (Autor)
Formato: Libro
Lenguaje:inglés
Publicado: Sunbury-on-Thames : Nelson, 1979
Etiquetas: Agregar Etiqueta
Sin Etiquetas, Sea el primero en etiquetar este registro!

MARC

LEADER 00000nam a22000003a 4500
001 stu95040
005 20150617225812.9
008 050715s1979------------------------eng-d
040 |a STU  |b slo 
041 0 |a eng 
080 |a 681.3 
080 |a 621.382.049.77 
100 1 |a Fidler, J.K.  |4 aut 
245 1 |a Computer aided circuit design 
260 |a Sunbury-on-Thames :  |b Nelson,  |c 1979 
300 |a 8, 254 s 
700 1 |a Nightingale, C.  |4 aut 
996 |b E54049  |c E*54049  |l EE01  |s A  |a 24  |w stu95040_0001